[Event "SC 1500-2000"]
[Site "SchemingMind.com"]
[Date "2013.06.28"]
[Round "-"]
[White "lennart"]
[Black "Clive Everill"]
[Result "1-0"]
[WhiteCountry "SWE"]
[BlackCountry "CZE"]
[WhiteElo "1501"]
[WhiteRD "60"]
[BlackElo "1712"]
[BlackRD "56"]
[GameID "333805"]

1. e4 c5 2. Nf3 d6 3. h3 Nf6 4. d3 g6 5. Nc3 Bg7 6. Ne2 Nc6 7. c3 O-O 8. c4 a6 9. Nc3 Ne8 10. Be2 e6
11. O-O Nc7 12. a3 Bxc3 13. bxc3 b5 14. cxb5 axb5 15. Rb1 Ba6 16. d4 cxd4 17. cxd4 Rb8 18. Qc2 Qd7 19. Rd1 d5 20. e5 f5
21. exf6 Rxf6 22. Rb3 Na5 23. Rc3 Nc4 24. Bxc4 bxc4 25. Ne5 Qe8 26. Rg3 Kg7 27. h4 Nb5 28. h5 Rb7 29. Kh2 Qf8 30. Be3 Nxa3
31. Qd2 Kh8 32. hxg6 hxg6 33. Nxg6+ Rxg6 34. Rxg6 Rh7+ 35. Kg1 Qf5 36. Rg3 Nb1 37. Qa5 Qf8 38. Qxa6 Nc3 39. Re1 Ne4 40. Rg4 Qe8
41. f3 Nf6 42. Rg5 Nh5 43. Bc1 Ng7 44. Rge5 Rh4 45. Rxe6 Nxe6 46. Rxe6 Qf8 47. Ba3 Qg8 48. Qc6 Qg3 49. Qe8+ Kh7 50. Re7+ Kh6
51. Qh8+ Kg5 52. Bc1+ Kf5 53. Qc8+ Kf6 54. Qe6#
1-0